Diseño de un plan de manejo y reciclaje de los desechos biodegradables producidos en la Feria del agricultor de la Municipalidad de Curridabat, utilizando la semolina fermentada
Na minha lista:
| Autor principal: | |
|---|---|
| Formato: | Livro |
| Publicado em: |
[San José], Costa Rica
2009
|
| Assuntos: | |
| Tags: |
Adicionar Tag
Sem tags, seja o primeiro a adicionar uma tag!
|
MARC
| LEADER | 00000nam a2200000Ia 4500 | ||
|---|---|---|---|
| 003 | 001531 | ||
| 005 | 20221231144042.0 | ||
| 008 | 140114s2009 cr a 000 ||s d | ||
| 040 | |c cru CEDI | ||
| 090 | |a TFG 6045 | ||
| 100 | |a Gamboa Calvo, Priscila |9 3361 | ||
| 245 | |a Diseño de un plan de manejo y reciclaje de los desechos biodegradables producidos en la Feria del agricultor de la Municipalidad de Curridabat, utilizando la semolina fermentada | ||
| 260 | |c 2009 |b [San José], Costa Rica | ||
| 500 | |a Tesis (licenciatura en ingeniería civil)--Universidad de Costa Rica. Escuela Ingeniería Civil | ||
| 650 | |x APROVECHAMIENTO DE RESIDUOS |x PLANIFICACION |x FERIA DEL AGRICULTOR (CURRIDABAT, SAN JOSÉ, COSTA RICA) |x RESIDUOS SOLIDOS |x RESIDUOS ORGANICOS |x MUNICIPALIDAD DE CURRIDABAT (SAN JOSE, COSTA RICA) |x FERMENTACION |x FERTILIDAD DEL SUELO |9 3362 | ||
| 942 | |c TFG |2 ddc | ||
| 999 | |c 16175 |d 16175 | ||
